000 00416nam a2200157Ia 4500
008 210210b1980 xxu||||| |||| 00| 0 eng d
082 _a581.9 DASF
100 _aDASSANNYAKE (M D), Ed.
245 _aFlora of Ceylon, A revised Handbook to the. V1.
260 _aNew Delhi
_bOxford & IBH Publishing Co
_c1980
300 _avii,508
440 _a1
650 _aFlora Ceylon
690 _aBotany
906 _a035362
999 _c86255
_d86255